Rappeurs marseillais #1 - Statistiques

Statistiques générales
  • Ce quiz a été pris 131 fois
  • Le résultat moyen est 6 sur 16
Statistiques - réponses
Par images Réponse % Correct
SCH
96%
TK
65%
Elams
60%
YL
57%
Zamdane
55%
Akhenaton
50%
Le Rat Luciano
44%
Graya
40%
Gambino
36%
So La Zone
36%
Solda
35%
Thabiti
24%
SAF
14%
AM La Scampia
12%
Veazy
10%
Fahar
5%
Aucun quiz correspondant
Distribution des résultats
% des personnes avec chaque résultat
Percentile par nombre de réponses
Votre historique - résultats
Vous n’avez pas pris ce quiz